000 00654nam a2200193 a 4500
008 101109s2005 ||||||||||||||||| || u
020 _a9780141019017
050 _aHB 74.P8 Lev
100 _aDubner, Stephen J
245 1 0 _aFreakonomics
260 _aLondon:
_bPenguin Books
_c2005
300 _axv, 330p.
350 _a0.00
650 0 _aECONOMICS--PSYCHOLOGICAL ASPECTS
650 _aECONOMICS--SOCIOLOGICAL ASPECTS
650 0 _aECONOMICS
700 _aLevitt, Steven D
995 _D0.00
_FCBU-MAIN LIBRARY (Kitwe)
_H1
_I0.00
_M1
_UAVAILABLE
_WDec 2, 2010
_ZMain Library Open Access Collection
999 _c43974
_d43974